Всеобщая история государства и права. Т.2. Новое время. Новейшее время, Учебник для вузов в двух томах

Manylion Llyfryddiaeth
Awduron Eraill: Б. Я. Арсеньев (340), О. А. Артуров, М. А. Гуковский, Г. С. Гурвич, А. И. Денисов, Н. П. Дмитревский, В. Н. Дурденевский, Л. А. Лунц, Г. С. Михайлов, А. Е. Пашерстник, И. С. Перетерский, А. Г. Сукиасян, Г. И. Тункин, Б. С. Утевский, Н. П. Фарберов, Е. А. Флейшиц, З. М. Черниловский, В. А. Томсинова
Crynodeb:Книга находится в премиум-версии платформы «Русский как иностранный».
Настоящий том воспроизводит части III и IV учебника «Всеобщая история государства и права», вышедшего в свет в 1947 г. Этот учебник был написан ведущими российскими правоведами – корифеями отечественной юриспруденции. Он до сих пор сохраняет свое научное и учебное значение и остается в числе лучших учебников по курсу всеобщей истории государства и права (истории государства и права зарубежных стран). Предназначается для студентов, аспирантов и преподавателей юридических вузов.
Лицензия до 16.10.2027
Cyhoeddwyd: Москва, Зерцало-М, 2023
Rhifyn:Всеобщая история государства и права. Т.2. Новое время. Новейшее время
Pynciau:
Mynediad Ar-lein:Перейти к просмотру издания
Fformat: Electronig

MARC

LEADER 00000 a2200000 4500
001 RU/ROS-EDU.RU/144349
856 4 |u https://www.ros-edu.ru/book?id=144349  |z Перейти к просмотру издания 
010 |a 978-5-94373-512-7, 978-5-94373-514-1 (т.2) 
205 |a Всеобщая история государства и права. Т.2. Новое время. Новейшее время  |b 2027-10-16 
333 |a Лицензия до 16.10.2027 
100 |a 20230101d2023 |||y0rusy0250   |s 2027-10-16 
105 |a y z 000zy 
101 0 |a rus 
102 |a RU 
200 1 |a Всеобщая история государства и права. Т.2. Новое время. Новейшее время  |b Электронный ресурс  |e Учебник для вузов в двух томах  |f Б. Я. Арсеньев [и др.]  |g ред. В. А. Томсинова 
701 1 |b Б. Я.  |a Арсеньев  |4 070 
701 1 |b О. А.  |a Артуров  |4 070 
701 1 |b М. А.  |a Гуковский  |4 070 
701 1 |b Г. С.  |a Гурвич  |4 070 
701 1 |b А. И.  |a Денисов  |4 070 
701 1 |b Н. П.  |a Дмитревский  |4 070 
701 1 |b В. Н.  |a Дурденевский  |4 070 
701 1 |b Л. А.  |a Лунц  |4 070 
701 1 |b Г. С.  |a Михайлов  |4 070 
701 1 |b А. Е.  |a Пашерстник  |4 070 
701 1 |b И. С.  |a Перетерский  |4 070 
701 1 |b А. Г.  |a Сукиасян  |4 070 
701 1 |b Г. И.  |a Тункин  |4 070 
701 1 |b Б. С.  |a Утевский  |4 070 
701 1 |b Н. П.  |a Фарберов  |4 070 
701 1 |b Е. А.  |a Флейшиц  |4 070 
701 1 |b З. М.  |a Черниловский  |4 070 
702 1 |b В. А.  |a Томсинова  |4 340 
330 |a Настоящий том воспроизводит части III и IV учебника «Всеобщая история государства и права», вышедшего в свет в 1947 г. Этот учебник был написан ведущими российскими правоведами – корифеями отечественной юриспруденции. Он до сих пор сохраняет свое научное и учебное значение и остается в числе лучших учебников по курсу всеобщей истории государства и права (истории государства и права зарубежных стран). Предназначается для студентов, аспирантов и преподавателей юридических вузов. 
210 |a Москва  |c Зерцало-М  |d 2023 
610 1 |a гражданское право 
610 1 |a история 
610 1 |a государство 
610 1 |a юриспруденция 
610 1 |a законодательство 
610 1 |a суд 
610 1 |a уголовное право 
675 |a 34 
686 |a 67.3  |2 rubbk 
300 |a Книга находится в премиум-версии платформы «Русский как иностранный». 
215 |a 640 с.